000 00718 a2200205 4500
010 _aENG-90020
020 _a9788120333512
_c295.00
035 _aEN-73553
037 _bDBAD / PUB
082 1 4 _a005.8
090 _c12198
_d12198
100 1 _aPatel, Dhiren R.
245 1 _aInformation security:
_cby Dhiren R. Patel
_btheory and practice/
260 _aNew Delhi
_bPrentice-Hall of India
_c2008
270 _aM-97, Connaught Circus
_bNew Delhi
_cDelhi
_e110001
300 _axiv, 298p.:
_c26 cm ( Pbk.)
_bill.
500 _aIncludes bibliographical references & index.
942 _adpl
_cEN
_k005.8 / PAT
999 _c11844
_d11844